Statistics for WW1 Flags

Click here to take the quiz!

General Stats

  • This quiz has been taken 25 times
  • The average score is 12 of 16

Answer Stats

Answer% Correct
Austria-Hungary
95%
Dominion of New zealand
86%
Russian Empire
86%
United Kingdom
86%
United States
86%
Dominion of Australia
81%
French Republic
81%
Kingdom of Romania
81%
Republic of Belgium
81%
Republic of Serbia
81%
Tsardom of Bulgaria
81%
German Empire
76%
Ottoman empire
71%
Dominion of Canada
62%
Kingdom of Montenegro
38%
Bolsheviks
19%

Score Distribution

Percentile by Number Answered

Percent of People with Each Score

Your Score History

You have not taken this quiz